| 000 | 00687cam a22002291 4500 | ||
|---|---|---|---|
| 999 |
_c27485 _d27485 |
||
| 001 | 2169808 | ||
| 003 | OSt | ||
| 005 | 20170208153300.0 | ||
| 008 | 740625s1966 njua b 000 0 eng | ||
| 010 | _a 66028111 | ||
| 040 |
_aDLC _cDLC _dDLC |
||
| 050 | 0 | 0 | _aNC390 .H5 1966 |
| 082 | 0 | 0 | _a741 |
| 100 | 1 |
_aHill, Edward. _d1966. |
|
| 245 | 1 | 4 | _aThe language of drawing. |
| 260 |
_aEnglewood Cliffs, N.J. _bPrentice-Hall _c1966. |
||
| 300 |
_aiv, 152 p. _billus. _c21 cm. |
||
| 504 | _aBibliography: p. 146-152. | ||
| 650 | 0 | _aDrawing. | |
| 906 |
_a7 _bcbc _corignew _du _eocip _f19 _gy-gencatlg |
||
| 942 |
_2lcc _cBOOKS _hNC390 .H5 1966 _k34386 |
||